书目信息 |
| 题名: |
变美
|
|
| 作者: | 石娟 编著 | |
| 分册: | ||
| 出版信息: | 北京 金城出版社 2007.01 |
|
| 页数: | 232页 | |
| 开本: | 21cm | |
| 丛书名: | ||
| 单 册: | ||
| 中图分类: | R153.1 | |
| 科图分类: | ||
| 主题词: | 女性--nu xing--饮食营养学 | |
| 电子资源: | ||
| ISBN: | 978-7-80084-877-3 | |
| 000 | 00858nam0 2200253 450 | |
| 001 | 012008427040 | |
| 005 | 20080414145131.95 | |
| 010 | @a978-7-80084-877-3@dCNY23.80 | |
| 100 | @a20080413d2007 em y0chiy0120 ea | |
| 101 | 0 | @achi |
| 102 | @aCN@b110000 | |
| 105 | @aa z 000yy | |
| 106 | @ar | |
| 200 | 1 | @a变美@Abian mei@f石娟编著@Fshi juan bian zhu |
| 210 | @a北京@c金城出版社@d2007.01 | |
| 215 | @a232页@c图@d21cm | |
| 312 | @a封面副题名: 美丽一身的营养指南 | |
| 330 | @a本书针对女性最关心的话题,全面解读让你越吃越美丽的营养法则,以及营养与美容的内在关系,是专门为爱美的女性量身定作的一本营养饮食指南。 | |
| 517 | 1 | @a美丽一身的营养指南@Amei li yi shen de ying yang zhi nan |
| 606 | 0 | @a女性@Anu xing@x饮食营养学 |
| 690 | @aR153.1@v4 | |
| 701 | 0 | @a石娟@Ashi juan@4编著 |
| 801 | 0 | @aCN@bQSSK@c20080414 |
| 905 | @b291013-15@dR153.1@eS528@f3 | |
| 变美/石娟编著.-北京:金城出版社,2007.01 |
| 232页:图;21cm |
| ISBN 978-7-80084-877-3:CNY23.80 |
| 本书针对女性最关心的话题,全面解读让你越吃越美丽的营养法则,以及营养与美容的内在关系,是专门为爱美的女性量身定作的一本营养饮食指南。 |
| ● |
| 相关链接 |
|
|
|
正题名:变美
索取号:R153.1/S528
 
预约/预借
| 序号 | 登录号 | 条形码 | 馆藏地/架位号 | 状态 | 备注 |
| 1 | 291013 | 202910136 | 自科库401/401自科库 104排7列3层/ [索取号:R153.1/S528] | 在馆 | |
| 2 | 291014 | 202910145 | 自科库401/401自科库 104排7列3层/ [索取号:R153.1/S528] | 在馆 | |
| 3 | 291015 | 202910154 | 自科库401/401自科库 104排7列3层/ [索取号:R153.1/S528] | 在馆 |